Periodic solutions of nonlinear dynamical systems : Numerical computation, stability, bifurcation, and transition to chaos
Αποθηκεύτηκε σε:
| Κύριος συγγραφέας: | |
|---|---|
| Μορφή: | Βιβλίο |
| Γλώσσα: | English |
| Δημοσίευση: |
Berlin : New York :
Springer-Verlag,
c1991
|
| Σειρά: | Lecture notes in mathematics (Springer-Verlag)
; 1483 |
| Θέματα: | |
| Ετικέτες: |
Προσθήκη ετικέτας
Δεν υπάρχουν, Καταχωρήστε ετικέτα πρώτοι!
|
MARC
| LEADER | 00000cam a2200000 i 4500 | ||
|---|---|---|---|
| 001 | 1/30044 | ||
| 008 | 941103s1991 eng d | ||
| 020 | |a 3540545123 |c DM31.00 | ||
| 020 | |a 0387545123 | ||
| 035 | |l 10038471 | ||
| 035 | |a 1993 | ||
| 040 | |a GR-MY-UA |b gre |e aacr | ||
| 041 | 0 | |a eng | |
| 082 | 0 | |a 515.355 |2 (20) | |
| 100 | 1 | |a Reithmeier, Eduard |d 1957- | |
| 245 | 1 | 0 | |a Periodic solutions of nonlinear dynamical systems : |b Numerical computation, stability, bifurcation, and transition to chaos / |c Eduard Reithmeier |
| 260 | |a Berlin : |a New York : |b Springer-Verlag, |c c1991 | ||
| 300 | |a vi, 171 p.; |b ill.; |c 25 cm. | ||
| 490 | 1 | |a Lecture notes in mathematics (Springer-Verlag) |v ; 1483 | |
| 504 | |a Includes bibliographical references (p. 152-162) and index | ||
| 650 | 0 | 0 | |a Differential equations, Nonlinear |x Numerical solutions. |
| 650 | 0 | 0 | |a Differentiable dynamical systems. |
| 830 | 0 | |a Lecture notes in mathematics (Springer-Verlag) |v ; 1483 | |
| 852 | |a INST |b SAMOS |e 19941103 |h 515.355 REI |p 005300007987 |q 005300007987 |t BK |y 0 | ||
| 909 | |a Σ |b 029335 | ||